00374nam a2200157Ia 45000010006000000050017000060080041000230410008000640820017000721000027000892450047001162600009001633000028001726500008002006540008002081765720260306171533.0260306s9999||||xx |||||||||||||| ||und|| aESP a658.15bA147 aAlbornoz, CésareAUT 0aGestión financiera de las organizaciones c2012 a558 páginas :c24 cm. aGEN aCAN